Obchodné právo odborný časopis pre podnikateľov, právnikov a špecialistov

Salvato in:
Dettagli Bibliografici
Natura: Periodico
Lingua:slovacco
Pubblicazione: Bratislava Ing. Miroslav Mračko, EPOS
Soggetti:
Tags: Aggiungi Tag
Nessun Tag, puoi essere il primo ad aggiungerne!!

MARC

LEADER 00000nas1a2200000 4500
001 s122065
005 20250624085141.5
022 |a 1335-6674 
041 0 |a slo 
044 |a SK 
245 1 0 |a Obchodné právo  |b odborný časopis pre podnikateľov, právnikov a špecialistov 
264 1 |a Bratislava  |b Ing. Miroslav Mračko, EPOS 
500 |a Od 1.1.2009 je časopis zlúčený s titulom Manažment, mzdy a financie 
610 2 0 |a právo obchodné 
610 2 0 |a živnosti 
610 2 0 |a spoločnosti obchodné 
610 2 0 |a predpisy právne